000 00647nam a2200277Ia 4500
005 20260324131436.0
008 008 260324s9999 xx 000 0 eng d
020 _a9781315507934
037 _aEBOOK
040 _aCRL
040 _beng
040 _cCRL
041 _2eng
041 _aeng
084 _qCRL
100 _aMichael Bernard-Donals
_91185535
245 3 _aAn Introduction to Holocaust Studies
260 _bTaylor and Francis
260 _c2006
365 _a
365 _b300
856 _uhttp://www.taylorfrancis.com/books/9781315507934
942 _cEBOOK
999 _c1782678
_d1782678